00470nam a2200181 a 4500001001300000003000900013005001700022008004100039020001000080082002100090100001200111245002700123260006000150300000900210500003500219650002200254700001200276nice12345678IN_TiNIC20260116013843.0070618s1997 agra grp 000 0 eng  ac80000a720.954025bNAT2 aNath, R aAgra and Its Monuments aAgra bHistorical Research Documentation Program c1997 a188p aincludes index and biblioraphy aAgra-Architecture1 aNath, R